Využitie PFI a PPP projektov vo Veľkej Británii
Vláda Veľkej Británie predstavila PFI (Private Financie Initiative - Iniciatívu súkromného financovania) ako stratégiu pre poskytovanie a reguláciu súkromného financovania verejných projektov. Príspevok opisuje postupný vznik PFI/PPP projektov v ekonomike Veľkej Británie, prináša základné zdôvodneni...
Na minha lista:
| Autor principal: | |
|---|---|
| Outros Autores: | |
| Formato: | Capítulo de Livro |
| Idioma: | eslovaco |
| Assuntos: | |
| Tags: |
Sem tags, seja o primeiro a adicionar uma tag!
|
MARC
| LEADER | 00000naa$a2200000$$$4500 | ||
|---|---|---|---|
| 001 | 0111188 | ||
| 005 | 20240502072229.7 | ||
| 041 | 0 | |a slo | |
| 044 | |a SK | ||
| 245 | 1 | 0 | |a Využitie PFI a PPP projektov vo Veľkej Británii |c Denisa Kitová, Daša Vališová |
| 520 | |a Vláda Veľkej Británie predstavila PFI (Private Financie Initiative - Iniciatívu súkromného financovania) ako stratégiu pre poskytovanie a reguláciu súkromného financovania verejných projektov. Príspevok opisuje postupný vznik PFI/PPP projektov v ekonomike Veľkej Británie, prináša základné zdôvodnenia pre a proti PFI metóde a objasňuje základné rozdiely v terminológii medzi PPP a PFI. Cieľom príspevku je popísanie fungovania a historického vývoja PFI a PPP projektov vo Veľkej Británii a aplikácia ich využitia v rôznych oblastiach verejného sektora. | ||
| 610 | 2 | 0 | |a partnerstvo verejno-súkromné |
| 610 | 2 | 0 | |a projekty |
| 610 | 2 | 0 | |a sektor verejný |
| 610 | 2 | 0 | |a Veľká Británia |
| 610 | 2 | 0 | |a história |
| 100 | 1 | |a Kitová, Denisa, 1983- | |
| 700 | 1 | |a Vališová, Daša, 1982- | |